[Event "TUR-ch (Women)"]
[Site "Antalya"]
[Date "2019.03.06"]
[Round "5"]
[White "Gorcuk, Ozgu"]
[Black "Kas, Elif Bilge"]
[Result "1/2-1/2"]
[WhiteElo "1277"]
[BlackElo "1179"]
[PlyCount "44"]
[EventDate "2019.03.03"]
[EventType "swiss"]
[EventRounds "9"]
[EventCountry "TUR"]
[SourceTitle "CBM 189 Extra"]
[Source "ChessBase"]
[SourceDate "2019.06.03"]
[SourceVersion "1"]
[SourceVersionDate "2019.06.03"]
[SourceQuality "1"]

1. d4 Nf6 2. c4 e6 3. Nc3 d5 4. cxd5 exd5 5. Bg5 Be7 6. e3 0-0 7. Bd3 b6 8. Qc2 Nbd7 9. Nf3 Bb7 10. Ne5 Nxe5 11. dxe5 Ne4 12. Bxe7 Qxe7 13. 0-0 Qxe5 14. f4 Qe7 15. Rae1 f5 16. Rf3 Qh4 17. Ref1 Qe7 18. Rh3 c5 19. Bxe4 dxe4 20. Qe2 g6 21. Rd1 Rad8 22. Qc4+ Kh8 1/2-1/2

[Event "TUR-ch (Women)"]
[Site "Antalya"]
[Date "2019.03.06"]
[Round "6"]
[White "Sen, Nehir"]
[Black "Gorcuk, Ozgu"]
[Result "0-1"]
[WhiteElo "1311"]
[BlackElo "1277"]
[PlyCount "92"]
[EventDate "2019.03.03"]
[EventType "swiss"]
[EventRounds "9"]
[EventCountry "TUR"]
[SourceTitle "CBM 189 Extra"]
[Source "ChessBase"]
[SourceDate "2019.06.03"]
[SourceVersion "1"]
[SourceVersionDate "2019.06.03"]
[SourceQuality "1"]

1. d4 Nf6 2. Nf3 g6 3. g3 Bg7 4. Bg2 0-0 5. 0-0 d6 6. c4 Nbd7 7. Nc3 c5 8. h3 a6 9. Kh2 Rb8 10. dxc5 Nxc5 11. Nd4 Ne6 12. Nc2 b5 13. cxb5 axb5 14. Nb4 Bb7 15. Bc6 Qa5 16. a3 Ba8 17. Be3 Rfc8 18. Bxa8 Rxa8 19. Rb1 Nc5 20. Nbd5 Nxd5 21. Nxd5 Qd8 22. Bg5 f6 23. Be3 e6 24. Nc3 Rab8 25. b4 Na6 26. Qd3 Nc7 27. Rfd1 d5 28. Bc5 f5 29. Rbc1 Qd7 30. f4 Na6 31. Bd4 Rc4 32. Bxg7 Qxg7 33. Nb1 Rbc8 34. Rxc4 Rxc4 35. Qe3 Nc7 36. Rc1 d4 37. Qd2 Nd5 38. Rxc4 bxc4 39. b5 c3 40. Qc1 Qc7 41. a4 Nb4 42. e3 c2 43. Na3 d3 44. Nb1 Na2 45. Qh1 c1Q 46. Qa8+ Kg7 0-1

[Event "EU-ch U10 Girls 28th"]
[Site "Riga"]
[Date "2018.08.24"]
[Round "5"]
[White "Gkoutzouki, Aikaterini Argyro"]
[Black "Gorcuk, Ozgu"]
[Result "0-1"]
[WhiteElo "1252"]
[BlackElo "1299"]
[PlyCount "42"]
[EventDate "2018.08.20"]
[EventType "swiss"]
[EventRounds "9"]
[EventCountry "LAT"]
[SourceTitle "CBM 186 Extra"]
[Source "ChessBase"]
[SourceDate "2018.08.24"]
[SourceVersion "1"]
[SourceVersionDate "2018.08.24"]
[SourceQuality "1"]

1. c4 Nf6 2. g3 g6 3. Bg2 Bg7 4. Nc3 d6 5. Nf3 e5 6. 0-0 0-0 7. d3 Nbd7 8. Rb1 a6 9. a3 Rb8 10. h3 b5 11. cxb5 axb5 12. b4 d5 13. Bg5 c6 14. d4 h6 15. Bxf6 Qxf6 16. dxe5 Nxe5 17. Nxe5 Qxe5 18. Rc1 h5 19. e4 d4 20. f4 Qd6 21. e5 Qd7 0-1